সাহিত্য সষ্ণয় / (Record no. 4901)
[ view plain ]
| 000 -LEADER | |
|---|---|
| fixed length control field | 00807nam a2200217 a 4500 |
| 001 - CONTROL NUMBER | |
| JCCL Control Number | 4901 |
| 003 - CONTROL NUMBER IDENTIFIER | |
| JCCL marc code | BD-JhCC |
| 005 - DATE AND TIME OF LATEST TRANSACTION | |
| control field | 20171206093031.0 |
| 008 - FIXED-LENGTH DATA ELEMENTS--GENERAL INFORMATION | |
| fixed length control field | 171205s1965 b |||| || | 000 0 b d |
| 035 ## - SYSTEM CONTROL NUMBER | |
| system control number | (BD-JhCC)4901 |
| 040 ## - CATALOGING SOURCE | |
| Original cataloging agency | BD-JhCC |
| Modifying agency | BD-JhCC |
| 041 ## - LANGUAGE CODE | |
| Language code of Book | ben |
| 082 ## - DEWEY DECIMAL CLASSIFICATION NUMBER | |
| Classification number | 891.4409 |
| Author mark and Year | SHA 1965 |
| 245 ## - TITLE STATEMENT | |
| Title | সাহিত্য সষ্ণয় / |
| Statement of responsibility, etc | উচ্চ মাধ্যমিক ও মাধ্যমিক শিক্ষা সংসদ, যশোহর |
| 260 ## - PUBLICATION, DISTRIBUTION, ETC. (IMPRINT) | |
| Place of publication, distribution, etc | যশোহর : |
| Name of publisher, distributor, etc | প্যরামাউন্ট প্রেস, |
| Date of publication, distribution, etc | 1965. |
| 300 ## - PHYSICAL DESCRIPTION | |
| Pagination | 312 p.: |
| Dimensions | 21 cm. |
| 650 ## - SUBJECT ADDED ENTRY--TOPICAL TERM | |
| Topical term or geographic name as entry element | Collection of essays |
| 710 ## - ADDED ENTRY--CORPORATE NAME | |
| Corporate name or jurisdiction name as entry element | উচ্চ মাধ্যমিক ও মাধ্যমিক শিক্ষা সংসদ, যশোহর |
| 942 ## - ADDED ENTRY ELEMENTS (KOHA) | |
| Source of classification or shelving scheme | Dewey Decimal Classification |
| Koha item type | Books |
| Source of classification or shelving scheme | Damaged status | Not for loan | Home library | Current library | Date of accession | Cost, normal purchase price | Total Checkouts | Full call number | Barcode | Date last seen | Copy number | Koha item type |
|---|---|---|---|---|---|---|---|---|---|---|---|---|
| Dewey Decimal Classification | JCC Rouf Library | JCC Rouf Library | 12/05/2017 | 4.00 | 891.4409 SHA 1965 | 6272 | 12/05/2017 | C-1 | Books |